00682aam a2200169 a 4500008004100000100002500041245017200066260006100238300003900299504004100338650004700379650003300426650002600459003000100485005001700486040000900503 1 aRwegasira, Kami S.P.10aFinancial analysis and institutional lending operations management in a developing country :ba critical perspective of Tanzania banks and DFIs /cKami S.P. Rwegasira. aDar es Salaam :bDar es Salaam University Press,cc1991. axiv, 208 p. :bill., map ;c21 cm. aIncludes bibliographical references. 0aDevelopment credit corporationszTanzania. 0aCommercial creditzTanzania. 0aBank loanszTanzania.20230123133833.0 cNUST